[Event "Girls U12 Polish Youth Championship"]
[Site "chess24.com"]
[Date "2018.05.02"]
[Round "5"]
[White "Zabrzanska, Weronika"]
[Black "Mroz, Lena"]
[Result "0-1"]
[Board "2"]
[WhiteElo "1557"]
[WhiteCountry "POL"]
[WhiteFideId "21825173"]
[WhiteEloChange "-12"]
[BlackElo "1501"]
[BlackCountry "POL"]
[BlackFideId "21830916"]
[BlackEloChange "12"]

1. e4 {[%clk 1:30:58]} c5 {[%clk 1:30:44]} 2. Nf3 {[%clk 1:31:21]} a6 {[%clk
1:30:50]} 3. c3 {[%clk 1:27:39]} d5 {[%clk 1:30:34]} 4. exd5 {[%clk 1:27:54]}
Qxd5 {[%clk 1:30:51]} 5. d4 {[%clk 1:27:00]} e6 {[%clk 1:30:19]} 6. Be2 {[%clk
1:26:49]} Nf6 {[%clk 1:29:28]} 7. O-O {[%clk 1:26:30]} Be7 {[%clk 1:28:22]} 8. h3
{[%clk 1:24:29]} O-O {[%clk 1:26:15]} 9. Be3 {[%clk 1:23:37]} cxd4 {[%clk
1:25:36]} 10. Nxd4 {[%clk 1:23:35]} Qd6 {[%clk 1:20:24]} 11. Nd2 {[%clk 1:22:33]}
e5 {[%clk 1:11:12]} 12. Nc4 {[%clk 1:20:42]} Qc7 {[%clk 1:08:48]} 13. Nf3 {[%clk
1:12:57]} Nbd7 {[%clk 1:05:38]} 14. a4 {[%clk 1:05:34]} b6 {[%clk 0:54:22]} 15.
a5 {[%clk 0:56:34]} bxa5 {[%clk 0:50:18]} 16. Rxa5 {[%clk 0:51:06]} Rd8 {[%clk
0:41:04]} 17. Qc1 {[%clk 0:50:05]} Bb7 {[%clk 0:30:21]} 18. Nfxe5 {[%clk
0:44:28]} Nxe5 {[%clk 0:27:14]} 19. Rxe5 {[%clk 0:44:38]} Nd5 {[%clk 0:23:12]}
20. Bf4 {[%clk 0:37:32]} Nxf4 {[%clk 0:19:26]} 21. Qxf4 {[%clk 0:37:45]} Bd5
{[%clk 0:15:02]} 22. Rf5 {[%clk 0:17:24]} Qb7 {[%clk 0:12:16]} 23. Bf3 {[%clk
0:17:28]} Bxf3 {[%clk 0:11:35]} 24. Qxf3 {[%clk 0:17:51]} Qxf3 {[%clk 0:11:24]}
25. Rxf3 {[%clk 0:18:18]} Rac8 {[%clk 0:11:17]} 26. Ne5 {[%clk 0:17:16]} f6
{[%clk 0:10:56]} 27. Nd3 {[%clk 0:17:35]} Rd7 {[%clk 0:10:20]} 28. Re1 {[%clk
0:15:42]} Rcd8 {[%clk 0:09:37]} 29. Rfe3 {[%clk 0:15:41]} Kf7 {[%clk 0:09:42]}
30. Rf3 {[%clk 0:15:27]} Rxd3 {[%clk 0:09:27]} 31. Rxd3 {[%clk 0:15:17]} Rxd3
{[%clk 0:09:51]} 32. Ra1 {[%clk 0:15:40]} Rd6 {[%clk 0:09:38]} 33. Re1 {[%clk
0:15:38]} Rb6 {[%clk 0:09:54]} 34. Re2 {[%clk 0:16:03]} a5 {[%clk 0:09:40]} 35.
Kf1 {[%clk 0:16:15]} a4 {[%clk 0:09:24]} 36. Kg1 {[%clk 0:16:25]} Bd6 {[%clk
0:09:26]} 37. g3 {[%clk 0:16:48]} Rb3 {[%clk 0:06:19]} 38. Rd2 {[%clk 0:17:03]}
Ke7 {[%clk 0:06:11]} 39. Rd4 {[%clk 0:17:09]} a3 {[%clk 0:04:34]} 40. bxa3 {[%clk
0:17:26]} Rxa3 {[%clk 0:04:48]} 41. Rc4 {[%clk 0:17:24]} Be5 {[%clk 0:04:44]} 42.
Rb4 {[%clk 0:17:23]} Rxc3 {[%clk 0:04:43]} 43. Kg2 {[%clk 0:17:46]} Bc7 {[%clk
0:04:05]} 44. Rd4 {[%clk 0:17:51]} Rc2 {[%clk 0:04:23]} 45. Rb4 {[%clk 0:17:55]}
Rc3 {[%clk 0:04:13]} 46. Re4+ {[%clk 0:18:05]} Kd6 {[%clk 0:04:21]} 47. Re2
{[%clk 0:18:30]} f5 {[%clk 0:04:32]} 48. Rd2+ {[%clk 0:18:52]} Ke6 {[%clk
0:04:55]} 49. Re2+ {[%clk 0:19:20]} Kf6 {[%clk 0:05:15]} 50. Ra2 {[%clk 0:19:32]}
Rc6 {[%clk 0:04:17]} 51. Rb2 {[%clk 0:19:28]} g5 {[%clk 0:04:35]} 52. Re2 {[%clk
0:19:53]} Be5 {[%clk 0:04:37]} 53. Ra2 {[%clk 0:20:06]} Bc7 {[%clk 0:02:11]} 54.
Re2 {[%clk 0:20:16]} Bb6 {[%clk 0:02:08]} 55. Rd2 {[%clk 0:20:36]} Ke7 {[%clk
0:02:13]} 56. Rd5 {[%clk 0:20:42]} Rc5 {[%clk 0:01:56]} 57. Rd2 {[%clk 0:20:58]}
Re5 {[%clk 0:02:08]} 58. Rb2 {[%clk 0:21:15]} Re6 {[%clk 0:02:18]} 59. Rb5 {[%clk
0:21:40]} Kf6 {[%clk 0:02:44]} 60. Rb2 {[%clk 0:21:46]} Bc7 {[%clk 0:03:07]} 61.
Rd2 {[%clk 0:22:03]} Kg6 {[%clk 0:03:13]} 62. Rd7 {[%clk 0:22:18]} Bd6 {[%clk
0:03:20]} 63. Ra7 {[%clk 0:22:32]} f4 {[%clk 0:03:41]} 64. gxf4 {[%clk 0:22:04]}
Bxf4 {[%clk 0:03:58]} 65. Ra2 {[%clk 0:22:21]} Kh5 {[%clk 0:04:05]} 66. Ra7
{[%clk 0:22:39]} h6 {[%clk 0:04:28]} 67. Ra3 {[%clk 0:23:02]} Kh4 {[%clk
0:03:45]} 68. Rf3 {[%clk 0:23:13]} Rc6 {[%clk 0:03:42]} 69. Ra3 {[%clk 0:23:18]}
Rc5 {[%clk 0:01:54]} 70. Rf3 {[%clk 0:23:28]} Rf5 {[%clk 0:02:07]} 71. Ra3 {[%clk
0:23:13]} g4 {[%clk 0:02:18]} 72. hxg4 {[%clk 0:23:29]} Kxg4 {[%clk 0:02:44]} 73.
Rf3 {[%clk 0:23:03]} Rh5 {[%clk 0:03:04]} 74. Rb3 {[%clk 0:23:07]} Re5 {[%clk
0:02:41]} 75. Rf3 {[%clk 0:23:02]} h5 {[%clk 0:03:09]} 76. Rh3 {[%clk 0:23:11]}
Re2 {[%clk 0:01:58]} 77. Rd3 {[%clk 0:22:28]} h4 {[%clk 0:02:18]} 78. Rh3 {[%clk
0:21:28]} Bg3 {[%clk 0:02:21]} 79. Rh1 {[%clk 0:21:05]} Rxf2+ {[%clk 0:02:47]}
80. Kg1 {[%clk 0:21:27]} h3 {[%clk 0:03:03]} 81. Rh2 {[%clk 0:21:23]} Rxh2 {[%clk
0:03:19]} 82. Kf1 {[%clk 0:21:48]} Kf3 {[%clk 0:03:35]} 83. Kg1 {[%clk 0:22:12]}
Ra2 {[%clk 0:04:03]} 84. Kh1 {[%clk 0:22:28]} Ra1# {[%clk 0:04:27]} 0-1

[Event "Girls U12 Polish Youth Championship"]
[Site "chess24.com"]
[Date "2018.05.02"]
[Round "5"]
[White "Oborska, Magda"]
[Black "Gaj, Magdalena"]
[Result "1-0"]
[Board "3"]
[WhiteElo "1336"]
[WhiteCountry "POL"]
[WhiteFideId "21852545"]
[WhiteEloChange "16"]
[BlackElo "1585"]
[BlackCountry "POL"]
[BlackFideId "21804397"]
[BlackEloChange "-16"]

1. e4 {[%clk 1:30:44]} c5 {[%clk 1:30:56]} 2. Nc3 {[%clk 1:31:07]} d6 {[%clk
1:31:22]} 3. g3 {[%clk 1:31:19]} Nf6 {[%clk 1:30:33]} 4. Bg2 {[%clk 1:30:03]} g6
{[%clk 1:29:46]} 5. Nf3 {[%clk 1:29:07]} Bg7 {[%clk 1:28:46]} 6. d3 {[%clk
1:29:11]} O-O {[%clk 1:27:41]} 7. O-O {[%clk 1:27:18]} Nc6 {[%clk 1:26:20]} 8.
Be3 {[%clk 1:26:37]} a6 {[%clk 1:20:05]} 9. Qd2 {[%clk 1:26:07]} Rb8 {[%clk
1:15:35]} 10. Bh6 {[%clk 1:25:36]} b5 {[%clk 1:15:05]} 11. Bxg7 {[%clk 1:25:25]}
Kxg7 {[%clk 1:15:30]} 12. a3 {[%clk 1:24:53]} a5 {[%clk 1:10:24]} 13. Ne2 {[%clk
1:24:03]} b4 {[%clk 1:05:48]} 14. axb4 {[%clk 1:21:55]} axb4 {[%clk 0:56:51]} 15.
Rfe1 {[%clk 1:20:13]} Bd7 {[%clk 0:54:47]} 16. c3 {[%clk 1:17:53]} bxc3 {[%clk
0:48:31]} 17. bxc3 {[%clk 1:17:30]} Na5 {[%clk 0:41:43]} 18. Qc2 {[%clk 1:14:04]}
c4 {[%clk 0:38:11]} 19. d4 {[%clk 1:12:35]} Rb5 {[%clk 0:36:04]} 20. e5 {[%clk
1:09:02]} Nd5 {[%clk 0:34:01]} 21. Nd2 {[%clk 1:06:59]} Bf5 {[%clk 0:31:26]} 22.
Qa4 {[%clk 1:04:08]} Qb6 {[%clk 0:28:40]} 23. Bxd5 {[%clk 0:54:19]} Rxd5 {[%clk
0:28:48]} 24. Nf4 {[%clk 0:54:16]} Rb5 {[%clk 0:27:41]} 25. Nxc4 {[%clk 0:54:15]}
Nxc4 {[%clk 0:27:15]} 26. Qxc4 {[%clk 0:53:08]} Rc8 {[%clk 0:24:42]} 27. Qa4
{[%clk 0:49:35]} Rxc3 {[%clk 0:21:09]} 28. exd6 {[%clk 0:48:49]} exd6 {[%clk
0:20:08]} 29. Qa7 {[%clk 0:47:57]} Qc6 {[%clk 0:12:49]} 30. d5 {[%clk 0:36:56]}
Qc4 {[%clk 0:12:37]} 31. Ra4 {[%clk 0:31:34]} Qc7 {[%clk 0:11:04]} 32. Qd4+
{[%clk 0:28:18]} Kh6 {[%clk 0:08:35]} 33. Ra7 {[%clk 0:20:51]} Qc5 {[%clk
0:06:58]} 34. Qxc5 {[%clk 0:11:17]} Rbxc5 {[%clk 0:06:55]} 35. Rxf7 {[%clk
0:10:32]} Rc1 {[%clk 0:05:27]} 36. Re7 {[%clk 0:09:48]} Rxe1+ {[%clk 0:04:57]}
37. Rxe1 {[%clk 0:10:10]} g5 {[%clk 0:05:06]} 38. Ng2 {[%clk 0:08:30]} Rxd5
{[%clk 0:02:34]} 39. Ne3 {[%clk 0:08:46]} Re5 {[%clk 0:02:25]} 40. Nxf5+ {[%clk
0:09:04]} Rxf5 {[%clk 0:02:46]} 41. Re6+ {[%clk 0:09:25]} Kg7 {[%clk 0:02:26]}
42. Rxd6 {[%clk 0:09:43]} Rf6 {[%clk 0:01:55]} 43. Rd5 {[%clk 0:09:48]} Kg6
{[%clk 0:02:11]} 44. Kg2 {[%clk 0:09:56]} h6 {[%clk 0:02:08]} 45. Rd4 {[%clk
0:08:34]} Kg7 {[%clk 0:02:10]} 46. h4 {[%clk 0:08:04]} Kg6 {[%clk 0:02:04]} 47.
f3 {[%clk 0:06:34]} Rf5 {[%clk 0:01:41]} 48. h5+ {[%clk 0:05:28]} Kg7 {[%clk
0:01:17]} 49. Rd7+ {[%clk 0:04:57]} Rf7 {[%clk 0:01:11]} 50. Rd3 {[%clk 0:04:30]}
Rf5 {[%clk 0:01:01]} 51. Kh3 {[%clk 0:04:41]} Rf7 {[%clk 0:00:49]} 52. Kg4 {[%clk
0:04:36]} Kh7 {[%clk 0:00:50]} 53. Rd5 {[%clk 0:04:33]} Re7 {[%clk 0:00:49]} 54.
Ra5 {[%clk 0:04:20]} Kg7 {[%clk 0:01:00]} 55. Ra6 {[%clk 0:04:22]} Rf7 {[%clk
0:00:52]} 56. f4 {[%clk 0:04:05]} gxf4 {[%clk 0:00:56]} 57. gxf4 {[%clk 0:04:30]}
Kh7 {[%clk 0:00:44]} 58. f5 {[%clk 0:03:02]} Kg7 {[%clk 0:00:46]} 59. Rg6+ {[%clk
0:02:14]} Kh7 {[%clk 0:01:09]} 60. Kf4 {[%clk 0:02:31]} Re7 {[%clk 0:00:44]} 61.
Rg1 {[%clk 0:01:49]} Ra7 {[%clk 0:00:52]} 62. f6 {[%clk 0:00:55]} Ra5 {[%clk
0:00:37]} 63. Rg7+ {[%clk 0:00:49]} Kh8 {[%clk 0:00:57]} 64. Re7 {[%clk 0:00:47]}
Ra8 {[%clk 0:01:15]} 65. Kf5 {[%clk 0:00:41]} Kg8 {[%clk 0:01:05]} 66. Kg6 {[%clk
0:00:56]} Rc8 {[%clk 0:01:10]} 67. Rg7+ {[%clk 0:01:04]} Kf8 {[%clk 0:00:58]} 68.
Rh7 {[%clk 0:01:22]} Kg8 {[%clk 0:01:04]} 69. f7+ {[%clk 0:01:40]} 1-0

[Event "Girls U12 Polish Youth Championship"]
[Site "chess24.com"]
[Date "2018.05.02"]
[Round "5"]
[White "Tokarz, Izabela"]
[Black "Bar, Klaudia"]
[Result "1-0"]
[Board "4"]
[WhiteElo "1337"]
[WhiteCountry "POL"]
[WhiteFideId "21849170"]
[WhiteEloChange "9"]
[BlackElo "1295"]
[BlackCountry "POL"]
[BlackFideId "21836337"]
[BlackEloChange "-9"]

1. d4 {[%clk 1:30:57]} f5 {[%clk 1:30:51]} 2. Nc3 {[%clk 1:31:18]} Nf6 {[%clk
1:31:07]} 3. Bg5 {[%clk 1:30:42]} d5 {[%clk 1:27:06]} 4. Bxf6 {[%clk 1:30:11]}
exf6 {[%clk 1:24:29]} 5. e3 {[%clk 1:30:09]} Be6 {[%clk 1:12:10]} 6. Bd3 {[%clk
1:29:11]} Nc6 {[%clk 1:12:23]} 7. a3 {[%clk 1:27:23]} a6 {[%clk 1:01:23]} 8. Qf3
{[%clk 1:27:33]} Qd7 {[%clk 1:00:30]} 9. Nge2 {[%clk 1:26:34]} g6 {[%clk
0:48:27]} 10. h4 {[%clk 1:24:56]} Bg7 {[%clk 0:45:21]} 11. Nf4 {[%clk 1:24:24]}
Ne7 {[%clk 0:43:42]} 12. h5 {[%clk 1:20:00]} Bf7 {[%clk 0:39:38]} 13. O-O-O
{[%clk 1:15:22]} O-O-O {[%clk 0:39:32]} 14. Rdg1 {[%clk 1:13:45]} Kb8 {[%clk
0:26:02]} 15. g4 {[%clk 1:10:46]} fxg4 {[%clk 0:25:54]} 16. Rxg4 {[%clk 1:05:54]}
f5 {[%clk 0:24:08]} 17. Rg2 {[%clk 1:03:45]} Bf6 {[%clk 0:22:11]} 18. Rhg1 {[%clk
0:58:38]} g5 {[%clk 0:21:52]} 19. Nfe2 {[%clk 0:53:27]} g4 {[%clk 0:21:51]} 20.
Qf4 {[%clk 0:49:54]} Bxh5 {[%clk 0:21:10]} 21. Qh6 {[%clk 0:46:04]} Bg6 {[%clk
0:21:01]} 22. Nf4 {[%clk 0:42:03]} Rdf8 {[%clk 0:16:31]} 23. Nce2 {[%clk
0:37:20]} Ng8 {[%clk 0:16:16]} 24. Qh2 {[%clk 0:37:40]} Ne7 {[%clk 0:14:31]} 25.
Qh6 {[%clk 0:37:44]} Rhg8 {[%clk 0:14:35]} 26. Ng3 {[%clk 0:31:38]} Bg7 {[%clk
0:14:08]} 27. Qh1 {[%clk 0:29:35]} Qd6 {[%clk 0:10:07]} 28. Rh2 {[%clk 0:24:23]}
Rh8 {[%clk 0:09:08]} 29. Qg2 {[%clk 0:19:41]} Be8 {[%clk 0:05:46]} 30. Rgh1
{[%clk 0:17:47]} h6 {[%clk 0:05:57]} 31. Ngh5 {[%clk 0:15:30]} Bxh5 {[%clk
0:06:16]} 32. Rxh5 {[%clk 0:15:29]} Bxd4 {[%clk 0:06:20]} 33. c3 {[%clk 0:10:12]}
Be5 {[%clk 0:06:07]} 34. Ne2 {[%clk 0:10:10]} Qe6 {[%clk 0:04:51]} 35. Kc2 {[%clk
0:09:02]} Nc8 {[%clk 0:04:56]} 36. Nc1 {[%clk 0:09:01]} Nd6 {[%clk 0:05:19]} 37.
Nb3 {[%clk 0:09:10]} Ne4 {[%clk 0:05:27]} 38. Bxe4 {[%clk 0:08:47]} dxe4 {[%clk
0:05:47]} 39. Nd4 {[%clk 0:08:30]} Bxd4 {[%clk 0:06:07]} 40. cxd4 {[%clk
0:08:51]} Qc4+ {[%clk 0:06:27]} 41. Kb1 {[%clk 0:09:00]} Qe6 {[%clk 0:06:31]} 42.
Qh2 {[%clk 0:09:05]} Rf6 {[%clk 0:06:43]} 43. Qf4 {[%clk 0:09:24]} b6 {[%clk
0:06:17]} 44. Qh2 {[%clk 0:09:11]} Kb7 {[%clk 0:06:36]} 45. Qh4 {[%clk 0:08:49]}
Qd6 {[%clk 0:06:25]} 46. Rg1 {[%clk 0:07:57]} Qf8 {[%clk 0:06:00]} 47. Qg3 {[%clk
0:07:53]} Rg8 {[%clk 0:06:08]} 48. Rgh1 {[%clk 0:08:20]} Rgg6 {[%clk 0:06:15]}
49. Qe5 {[%clk 0:08:34]} Kb8 {[%clk 0:05:20]} 50. Rc1 {[%clk 0:08:31]} Qf7 {[%clk
0:05:21]} 51. Rch1 {[%clk 0:08:28]} Qf8 {[%clk 0:05:18]} 52. Rc1 {[%clk 0:08:08]}
Qf7 {[%clk 0:05:40]} 53. Rch1 {[%clk 0:08:10]} Kb7 {[%clk 0:06:01]} 54. Ka1
{[%clk 0:07:55]} Qf8 {[%clk 0:05:37]} 55. Qd5+ {[%clk 0:07:27]} Ka7 {[%clk
0:05:13]} 56. Rc1 {[%clk 0:07:40]} Qf7 {[%clk 0:05:22]} 57. Qe5 {[%clk 0:06:09]}
Rg7 {[%clk 0:05:17]} 58. Rxc7+ {[%clk 0:04:28]} Qxc7 {[%clk 0:05:26]} 59. Qxf6
{[%clk 0:04:51]} Qc1+ {[%clk 0:05:13]} 60. Ka2 {[%clk 0:05:16]} Rc7 {[%clk
0:05:05]} 61. Qe6 {[%clk 0:04:14]} Qd2 {[%clk 0:03:53]} 62. Qxf5 {[%clk 0:03:29]}
a5 {[%clk 0:03:32]} 63. a4 {[%clk 0:01:48]} Qb4 {[%clk 0:03:25]} 64. Qb5 {[%clk
0:01:58]} Qd2 {[%clk 0:03:30]} 65. Rxh6 {[%clk 0:02:12]} Rb7 {[%clk 0:03:49]} 66.
Rf6 {[%clk 0:02:07]} g3 {[%clk 0:03:02]} 67. fxg3 {[%clk 0:02:33]} Qxe3 {[%clk
0:03:26]} 68. Qe5 {[%clk 0:02:23]} Qd3 {[%clk 0:03:32]} 69. Rc6 {[%clk 0:01:57]}
e3 {[%clk 0:03:06]} 70. Rc3 {[%clk 0:02:22]} Qd1 {[%clk 0:03:28]} 71. Qxe3 {[%clk
0:02:18]} Qxa4+ {[%clk 0:03:52]} 72. Kb1 {[%clk 0:02:31]} Rd7 {[%clk 0:02:56]}
73. Rd3 {[%clk 0:01:58]} Qc4 {[%clk 0:03:08]} 74. g4 {[%clk 0:01:55]} Qg8 {[%clk
0:03:09]} 75. Qf4 {[%clk 0:01:59]} Qh7 {[%clk 0:03:17]} 76. Qf5 {[%clk 0:01:49]}
Qh1+ {[%clk 0:03:07]} 77. Ka2 {[%clk 0:02:16]} Qc6 {[%clk 0:03:14]} 78. Rc3
{[%clk 0:01:49]} Qa4+ {[%clk 0:03:32]} 79. Kb1 {[%clk 0:01:53]} Qxd4 {[%clk
0:03:41]} 80. Qf3 {[%clk 0:01:48]} Rg7 {[%clk 0:03:39]} 81. Rc8 {[%clk 0:01:22]}
Ka6 {[%clk 0:03:34]} 82. Ra8+ {[%clk 0:01:36]} Ra7 {[%clk 0:03:02]} 83. Rxa7+
{[%clk 0:01:37]} Kxa7 {[%clk 0:03:27]} 84. Qe2 {[%clk 0:01:40]} Qg1+ {[%clk
0:03:28]} 85. Ka2 {[%clk 0:01:59]} Qc5 {[%clk 0:03:43]} 86. Qe4 {[%clk 0:02:01]}
Qf8 {[%clk 0:03:38]} 87. Qe6 {[%clk 0:02:11]} Qg7 {[%clk 0:03:40]} 88. Qf5 {[%clk
0:01:51]} Qg8+ {[%clk 0:03:55]} 89. Kb1 {[%clk 0:02:15]} Qb3 {[%clk 0:04:09]} 90.
Qd7+ {[%clk 0:02:13]} Ka6 {[%clk 0:04:08]} 91. g5 {[%clk 0:02:30]} Qg3 {[%clk
0:04:13]} 92. Qe7 {[%clk 0:02:33]} Qd3+ {[%clk 0:04:29]} 93. Ka1 {[%clk 0:02:30]}
Qd1+ {[%clk 0:04:42]} 94. Ka2 {[%clk 0:02:55]} Qd5+ {[%clk 0:04:52]} 95. Ka3
{[%clk 0:02:27]} Qd3+ {[%clk 0:05:16]} 96. b3 {[%clk 0:01:46]} Qb1 {[%clk
0:05:12]} 97. Qe2+ {[%clk 0:01:58]} Ka7 {[%clk 0:05:20]} 98. Qb2 {[%clk 0:02:00]}
Qe4 {[%clk 0:05:33]} 99. Qd2 {[%clk 0:01:27]} Qe7+ {[%clk 0:05:42]} 100. Ka2
{[%clk 0:01:47]} Qg7 {[%clk 0:05:43]} 101. Qf4 {[%clk 0:01:53]} Qg6 {[%clk
0:05:49]} 102. Qd2 {[%clk 0:01:25]} Qg7 {[%clk 0:06:06]} 103. Qd5 {[%clk
0:01:28]} Qg6 {[%clk 0:06:02]} 104. Kb2 {[%clk 0:01:50]} Qg7+ {[%clk 0:06:22]}
105. Kc2 {[%clk 0:01:55]} Qc7+ {[%clk 0:06:41]} 106. Kd3 {[%clk 0:01:59]} Qg3+
{[%clk 0:06:57]} 107. Kc4 {[%clk 0:02:01]} Qc7+ {[%clk 0:07:06]} 108. Kb5 {[%clk
0:00:46]} Qe7 {[%clk 0:06:57]} 109. Kc4 {[%clk 0:01:13]} Qc7+ {[%clk 0:07:15]}
110. Kd4 {[%clk 0:01:25]} Qg7+ {[%clk 0:07:31]} 111. Ke4 {[%clk 0:01:37]} Qg6+
{[%clk 0:07:35]} 112. Kf4 {[%clk 0:01:56]} Qg7 {[%clk 0:07:42]} 113. Qe6 {[%clk
0:01:39]} Qd4+ {[%clk 0:07:57]} 114. Kf5 {[%clk 0:02:02]} Qd3+ {[%clk 0:08:07]}
115. Kf6 {[%clk 0:02:17]} Qf1+ {[%clk 0:07:39]} 116. Kg7 {[%clk 0:02:40]} Qa1+
{[%clk 0:07:56]} 117. Kg8 {[%clk 0:02:49]} Qg1 {[%clk 0:07:57]} 118. g6 {[%clk
0:03:15]} Qg5 {[%clk 0:08:12]} 119. Qf7+ {[%clk 0:03:30]} Ka6 {[%clk 0:08:11]}
120. Qc4+ {[%clk 0:01:49]} Kb7 {[%clk 0:08:01]} 121. Qe4+ {[%clk 0:02:03]} Ka6
{[%clk 0:08:18]} 122. g7 {[%clk 0:01:54]} Qg3 {[%clk 0:05:51]} 123. Kh8 {[%clk
0:01:40]} Qh2+ {[%clk 0:05:55]} 124. Kg8 {[%clk 0:01:28]} Qg3 {[%clk 0:06:01]}
125. Qc4+ {[%clk 0:01:43]} Ka7 {[%clk 0:05:48]} 126. Qf7+ {[%clk 0:02:10]} Ka6
{[%clk 0:06:02]} 127. Kf8 {[%clk 0:02:01]} Qb8+ {[%clk 0:05:09]} 128. Qe8 {[%clk
0:02:05]} Qf4+ {[%clk 0:05:23]} 129. Kg8 {[%clk 0:01:54]} Qg3 {[%clk 0:05:10]}
130. Qc8+ {[%clk 0:02:15]} Ka7 {[%clk 0:05:13]} 131. Qe6 {[%clk 0:01:31]} Ka6
{[%clk 0:04:59]} 132. Kf7 {[%clk 0:01:30]} Qf3+ {[%clk 0:05:01]} 133. Ke7 {[%clk
0:01:35]} Qb7+ {[%clk 0:05:05]} 134. Qd7 {[%clk 0:01:50]} Qe4+ {[%clk 0:05:19]}
135. Kd8 {[%clk 0:02:13]} Qh4+ {[%clk 0:05:26]} 136. Kc8 {[%clk 0:02:24]} Qg5
{[%clk 0:04:30]} 137. Qd3+ {[%clk 0:01:45]} Ka7 {[%clk 0:04:37]} 138. Qd7+ {[%clk
0:01:37]} Ka6 {[%clk 0:05:01]} 139. Kb8 {[%clk 0:01:25]} Qg3+ {[%clk 0:05:08]}
140. Qc7 {[%clk 0:01:20]} Qxb3 {[%clk 0:05:17]} 141. Qc8+ {[%clk 0:01:36]} Kb5
{[%clk 0:05:18]} 142. g8Q {[%clk 0:01:31]} Qxg8 {[%clk 0:05:24]} 143. Qxg8 {[%clk
0:01:56]} Ka4 {[%clk 0:05:39]} 144. Qa2+ {[%clk 0:02:18]} Kb4 {[%clk 0:06:03]}
145. Qb2+ {[%clk 0:02:34]} Kc5 {[%clk 0:06:26]} 146. Kb7 {[%clk 0:02:52]} b5
{[%clk 0:06:34]} 147. Qa3+ {[%clk 0:03:08]} Kc4 {[%clk 0:06:51]} 148. Qxa5 {[%clk
0:03:24]} b4 {[%clk 0:07:14]} 149. Qa1 {[%clk 0:03:45]} b3 {[%clk 0:07:25]} 150.
Qb2 {[%clk 0:04:11]} Kb4 {[%clk 0:07:44]} 151. Kc6 {[%clk 0:04:28]} Kc4 {[%clk
0:07:57]} 152. Kd6 {[%clk 0:04:33]} Kb4 {[%clk 0:08:21]} 153. Kd5 {[%clk
0:04:42]} Ka4 {[%clk 0:08:25]} 154. Kc5 {[%clk 0:04:58]} Ka5 {[%clk 0:08:48]}
155. Qa3# {[%clk 0:05:15]} 1-0

[Event "Girls U12 Polish Youth Championship"]
[Site "chess24.com"]
[Date "2018.05.02"]
[Round "5"]
[White "Szopa, Emilia"]
[Black "Bialek, Alicja"]
[Result "0-1"]
[Board "5"]
[WhiteElo "1261"]
[WhiteCountry "POL"]
[WhiteFideId "21858853"]
[WhiteEloChange "-8"]
[BlackElo "1315"]
[BlackCountry "POL"]
[BlackFideId "21836345"]
[BlackEloChange "8"]

1. e4 {[%clk 1:30:48]} c5 {[%clk 1:30:52]} 2. Nf3 {[%clk 1:31:03]} d6 {[%clk
1:30:59]} 3. d4 {[%clk 1:30:29]} cxd4 {[%clk 1:31:22]} 4. Nxd4 {[%clk 1:30:50]}
Nf6 {[%clk 1:31:48]} 5. Nc3 {[%clk 1:31:08]} g6 {[%clk 1:32:01]} 6. Be3 {[%clk
1:31:10]} Bg7 {[%clk 1:32:25]} 7. f3 {[%clk 1:31:31]} Nc6 {[%clk 1:32:42]} 8. Qd2
{[%clk 1:30:47]} O-O {[%clk 1:32:28]} 9. Bc4 {[%clk 1:31:08]} Bd7 {[%clk
1:32:44]} 10. h4 {[%clk 1:30:24]} h5 {[%clk 1:32:36]} 11. O-O-O {[%clk 1:30:13]}
Ne5 {[%clk 1:32:31]} 12. Bb3 {[%clk 1:30:09]} Rc8 {[%clk 1:32:51]} 13. Bh6 {[%clk
1:29:19]} Bxh6 {[%clk 1:27:15]} 14. Qxh6 {[%clk 1:29:10]} Rxc3 {[%clk 1:26:57]}
15. bxc3 {[%clk 1:28:51]} Qa5 {[%clk 1:27:07]} 16. Kb2 {[%clk 1:27:53]} Rc8
{[%clk 1:26:25]} 17. Qe3 {[%clk 1:26:17]} Qc5 {[%clk 1:04:03]} 18. Qd2 {[%clk
1:20:28]} a5 {[%clk 1:03:27]} 19. a4 {[%clk 1:12:24]} Bxa4 {[%clk 0:57:01]} 20.
Ne6 {[%clk 1:11:59]} Qb6 {[%clk 0:49:13]} 21. Qd4 {[%clk 1:10:15]} Nc4+ {[%clk
0:47:18]} 22. Kc1 {[%clk 1:09:39]} Bxb3 {[%clk 0:47:06]} 23. Qxb6 {[%clk
1:08:45]} Nxb6 {[%clk 0:47:28]} 24. cxb3 {[%clk 1:08:09]} fxe6 {[%clk 0:47:41]}
25. Kc2 {[%clk 1:07:35]} e5 {[%clk 0:46:36]} 26. Ra1 {[%clk 1:07:01]} Ra8 {[%clk
0:46:38]} 27. Ra2 {[%clk 1:07:19]} a4 {[%clk 0:44:47]} 28. bxa4 {[%clk 1:07:35]}
Rxa4 {[%clk 0:45:04]} 29. Rb2 {[%clk 1:03:47]} Nfd7 {[%clk 0:44:06]} 30. Rhb1
{[%clk 1:03:03]} Kf7 {[%clk 0:42:39]} 31. Rb4 {[%clk 1:01:49]} Ra2+ {[%clk
0:41:40]} 32. R1b2 {[%clk 1:02:08]} Ra8 {[%clk 0:40:19]} 33. Kd2 {[%clk 1:00:55]}
Na4 {[%clk 0:37:52]} 34. Ra2 {[%clk 0:59:33]} Ndc5 {[%clk 0:38:04]} 35. Kc2
{[%clk 0:58:44]} e6 {[%clk 0:36:41]} 36. Rb5 {[%clk 0:57:27]} b6 {[%clk 0:35:48]}
37. Kc1 {[%clk 0:53:02]} Nxc3 {[%clk 0:32:39]} 38. Rxa8 {[%clk 0:53:10]} Nxb5
{[%clk 0:33:00]} 39. Rb8 {[%clk 0:53:06]} Nd7 {[%clk 0:32:40]} 40. Rd8 {[%clk
0:53:04]} Ke7 {[%clk 0:32:07]} 41. Rg8 {[%clk 0:53:17]} Nf8 {[%clk 0:31:33]} 42.
Rg7+ {[%clk 0:53:29]} Ke8 {[%clk 0:31:46]} 43. Kd2 {[%clk 0:52:59]} d5 {[%clk
0:31:33]} 44. g4 {[%clk 0:52:28]} Nd4 {[%clk 0:28:27]} 45. Ke3 {[%clk 0:52:13]}
hxg4 {[%clk 0:27:12]} 46. fxg4 {[%clk 0:51:40]} b5 {[%clk 0:27:31]} 47. h5 {[%clk
0:50:48]} gxh5 {[%clk 0:27:35]} 48. gxh5 {[%clk 0:50:54]} b4 {[%clk 0:27:52]} 49.
h6 {[%clk 0:50:49]} b3 {[%clk 0:26:36]} 50. h7 {[%clk 0:50:12]} Nxh7 {[%clk
0:26:11]} 51. Rxh7 {[%clk 0:50:33]} Nc6 {[%clk 0:16:11]} 52. Rb7 {[%clk 0:50:22]}
Nd4 {[%clk 0:14:42]} 53. Kd3 {[%clk 0:50:27]} Kd8 {[%clk 0:14:40]} 54. Ke3 {[%clk
0:50:16]} Kc8 {[%clk 0:14:59]} 55. Rh7 {[%clk 0:50:26]} b2 {[%clk 0:14:48]} 56.
Rh8+ {[%clk 0:49:44]} Kc7 {[%clk 0:15:12]} 57. Rh7+ {[%clk 0:50:00]} Kc6 {[%clk
0:15:07]} 58. exd5+ {[%clk 0:49:30]} exd5 {[%clk 0:15:21]} 59. Rh6+ {[%clk
0:49:31]} Kc5 {[%clk 0:15:35]} 60. Rh1 {[%clk 0:47:32]} Nc2+ {[%clk 0:15:27]} 61.
Kd2 {[%clk 0:47:05]} Na3 {[%clk 0:15:45]} 62. Rh8 {[%clk 0:43:06]} b1Q {[%clk
0:15:39]} 63. Rc8+ {[%clk 0:43:29]} Kd4 {[%clk 0:16:04]} 64. Rc3 {[%clk 0:42:52]}
Qb4 {[%clk 0:16:22]} 65. Kd1 {[%clk 0:43:05]} Qxc3 {[%clk 0:16:13]} 66. Ke2
{[%clk 0:43:16]} Qe3+ {[%clk 0:16:37]} 67. Kd1 {[%clk 0:43:23]} Qf2 {[%clk
0:16:54]} 68. Kc1 {[%clk 0:43:47]} Qc2# {[%clk 0:17:18]} 0-1